000 nam a22 7a 4500
999 _c9387
_d9387
008 180516b ||||| |||| 00| 0 eng d
020 _a9712713792
082 _22003
_aDFil 899.2103
_bJ57t
100 _927896
_aJoaquin, Nick
245 _aDoña Jeronima/
_cNick Joaquin
260 _aPasig City:
_bAnvil Publishing, Inc.,
_cc2003.
300 _apages 70-102;
_b14 cm
500 _aTropical Gothic
650 0 _927897
_aShort Stories, Philippine (English).
942 _2ddc
_cDFIL